America
Guardat en:
| Autor principal: | |
|---|---|
| Format: | Llibre |
| Idioma: | espanyol |
| Publicat: |
Nueva York
Farrar and Rinehart
1944
|
| Matèries: | |
| Etiquetes: |
Afegir etiqueta
Sense etiquetes, Sigues el primer a etiquetar aquest registre!
|
MARC
| LEADER | 00000nam a2200000 a 4500 | ||
|---|---|---|---|
| 001 | UCO1069 | ||
| 003 | CL-VaPUC | ||
| 008 | 000505e19440000US |||||||||||||||||spa|d | ||
| 082 | 0 | 4 | |a 973 |b BEN |2 21 |
| 100 | 0 | |a Benét, Stephen Vincent |e author |9 319716 | |
| 245 | 1 | 0 | |a America |
| 300 | |a 122 p | ||
| 942 | |c BK | ||
| 945 | |d 20000505 00:00:00 |a crobeson | ||
| 260 | |a Nueva York |b Farrar and Rinehart |c 1944 | ||
| 600 | 0 | |a Lincoln, Abraham, |d 1809-1865 |9 321765 | |
| 650 | 7 | |a HISTORIA ESTADOUNIDENSE |2 CL-VaPUC |9 350346 | |
| 650 | 7 | |a COLONIA |2 CL-VaPUC |9 442855 | |
| 650 | 7 | |a REVOLUCION AMERICANA |2 CL-VaPUC |9 439168 | |
| 650 | 0 | |a Historia constitucional |9 256052 | |
| 650 | 0 | |a República |9 310048 | |
| 650 | 0 | |a Guerra civil |9 320243 | |
| 650 | 7 | |a RECONSTRUCCION |2 CL-VaPUC |9 354860 | |
| 650 | 0 | |a Desarrollo económico y social |9 256320 | |
| 651 | 0 | |a Estados Unidos |9 255178 | |
| 583 | |a last modification |c 20000505 00:00:00 |k Rodrigo Vera | ||
| 999 | |c 287702 |d 287700 | ||
| 952 | |0 0 |1 0 |4 0 |6 973_000000000000000_BEN_1944 |7 0 |8 X |9 334666 |a BIBHIS |b BIBHIS |d 2019-11-20 |i 1273477 |o 973 BEN 1944 |p 1273477 |r 2024-01-30 |w 2019-11-20 |y BK_X |k HIS | ||